Datum a čas kvízu
28.5
Celkem bodů
Celkový počet nahraných bodů na tomto kvízu bez doplňovacích otázek.
11.
Pořadí na kvízu
Konečné umístění týmu na tomto kvízu.
Zaznamenané odpovědi
| # | Otázka | Odpověď | Body | Výsledky |
|---|---|---|---|---|
| 1. | Jistou ulici v Praze někdo min... | Ruská | 0 | |
| 2. | Jistý stát zažil minulý týden... | Čína | 1 | |
| 3. | Letošní vyhlášení tuzemských k... | Muriel | 1 | |
| 4. | V sobotu nastal tzv. mikroúpln... | sněžný | 0 | |
| 5. | Jeden teprve osmnáctiletý česk... | Jakub Menšík, Katar | 0.5 | |
| 6. | Součástí televizního programu... | Hodina pravdy | 0 | |
| 7. | Která veřejně známá osobnost z... | Ladislav Zibura | 1 | |
| 8. | Napište název televizní soutěž... | Kufr | 1 | |
| 9. | V dnešní době je velmi populár... | čtyřikrát | 1 | |
| 10. | Kdo z uvedených nikdy nemodero... | D | 1 |